000 01599cam a22004095i 4500
999 _c11230
_d11230
001 14124596
003 EG-ScBUE
005 20200105114456.0
008 050929t20062006enka f 000 0 eng d
020 _a9781413009552 (Course book)
020 _a1413009557 (Course book)
020 _a9781413009590 (Workbook)
020 _a141300959X (Workbook)
035 _a(OCoLC)ocm62865376
040 _aEG-ScBUE
_beng
_erda
_cEG-ScBUE
_dEG-ScBUE
_dEG-ScBUE
082 0 4 _a428.24076
_bHAL
_222
100 1 _aHallows, Richard,
_eauthor.
_93369
245 1 0 _aIELTS express.
_pIntermediate /
_cRichard Hallows [and three other].
264 1 _aBoston, Mass. ;
_aBedford Row, London :
_bThomson ;
_aAndover, Hampshire :
_bHeinle / Cengage Learning,
_c[2006]
264 4 _cc2006
300 _a2 volumes :
_billustrations (color) ;
_c28 cm.
336 _atext
_btxt
_2rdacontent
337 _aunmediated
_bn
_2rdamedia
338 _avolume
_bnc
_2rdacarrier
490 0 _aExam essentials
505 0 _avolume 1. Coursebook -- volume 2. Workbook.
520 _aA preparation course for candidates studying for the International English Language Testing System examination (IELTS)
650 7 _aInternational English Language Testing System.
_2BUEsh
_93371
650 7 _aEnglish language
_vTextbooks for foreign speakers.
_2BUEsh
_93372
650 7 _aEnglish language
_vExaminations
_vStudy guides.
_2BUEsh
_93373
651 _2BUEsh
653 _bHHUUEENN
700 1 _aUnwin, Mark,
_eauthor.
_93375
700 1 _aLisboa, Martin,
_eauthor.
_93374
700 1 _aHumphreys, Pamela,
_eauthor.
942 _2ddc
_cBB